Bibliografía agraria
Salvato in:
| Autori principali: | , |
|---|---|
| Natura: | Libro |
| Lingua: | spagnolo |
| Pubblicazione: |
Santiago
Grupo de Investigaciones Agrarias
1988
|
| Soggetti: | |
| Tags: |
Aggiungi Tag
Nessun Tag, puoi essere il primo ad aggiungerne!!
|
MARC
| LEADER | 00000nam a2200000 a 4500 | ||
|---|---|---|---|
| 001 | UCW9873 | ||
| 003 | CL-VaPUC | ||
| 008 | 890703e19880000CL |||||||||||||||||spa|d | ||
| 082 | 0 | 4 | |a 016.630 |b GIA |2 21 |
| 100 | |a Giacaman, Mariana |e author |9 315352 | ||
| 700 | 0 | |a Sanzana, Patricia |e author |9 315318 | |
| 245 | 1 | 0 | |a Bibliografía agraria |
| 300 | |a 200 p | ||
| 942 | |c BK | ||
| 945 | |d 19890703 00:00:00 | ||
| 260 | |a Santiago |b Grupo de Investigaciones Agrarias |c 1988 | ||
| 650 | 0 | |a Agricultura |9 255598 | |
| 650 | 0 | |a Bibliografías |9 257071 | |
| 583 | |a last modification |c 19890703 00:00:00 |k Rodrigo Vera | ||
| 999 | |c 221726 |d 221724 | ||
| 952 | |0 0 |1 0 |4 0 |6 016_630000000000000_GIA_1988 |7 0 |8 A |9 215485 |a BIBGIM |b BIBGIM |d 2019-11-15 |i 2839156 |o 016.630 GIA 1988 |p 2839156 |r 2025-01-15 |w 2019-11-15 |y BK |k SSL | ||